000 00492nam a2200193 a 4500
001 1758620201296
003 YourLibrary
005 20250923150818.0
008 250923s1991##################000#0#eng##
020 _a9780521427906
082 0 4 _a577
_bWOO
100 1 _aWood, Elizabeth,
_eauthor.
245 1 0 _aSubtidal Ecology :
260 _bCambridge University Press,
_c1991.
300 _a132 pages
650 0 _aNature.
942 _cENGLISH
040 _aYourLibrary
_beng
_cYourLibrary
999 _c589021
_d589021